Statistics for 1962 year quiz

Click here to take the quiz!

General Stats

  • This quiz has been taken 40 times
  • The average score is 8 of 10

Answer Stats

HintAnswer% Correct
This woman dies of an overdose in Los AngelesMarilyn Monroe
100%
A Soviet arms shipment here brings world to brink of annihilationCuba
98%
This super smooth spy first hits screensJames Bond
98%
Pele picks up his second of theseThe World Cup
93%
Vaccines for this start to be widely distributed by sugar cubePolio
90%
Death of this influential US former first ladyEleanor Roosevelt
83%
This legendary British rock band forms in LondonThe Rolling Stones
78%
This country wins independence from France after bitter, bloody struggleAlgeria
75%
James Meredith braves white rioters to be first black student hereUniversity of Mississippi
30%
This US spy plane pilot is exchanged in Cold War dealGary Powers
28%

Score Distribution

Percentile by Number Answered

Percent of People with Each Score

Your Score History

You have not taken this quiz